|
|
|
|
| LEADER |
00000nab a2200000 a 4500 |
| 001 |
vtls000614870 |
| 003 |
SK-MaSNL |
| 005 |
20260304094810.0 |
| 008 |
250425c1996 xo 0 slo |
| 015 |
|
|
|a SNBRB19rr/mm-uuuuu
|
| 035 |
|
|
|a CL0615009
|
| 035 |
|
|
|a urn:nbn:sk:snk-abbqm6
|
| 035 |
|
|
|a (urnnbn)urn:nbn:sk:snk:ar-002n2w
|
| 035 |
|
|
|a (uuid)a82c363a-e686-48d6-8e69-f28ba411163d
|
| 040 |
|
|
|a SNKBUCL
|b slo
|c SNKBUCL
|e AACR2
|
| 041 |
0 |
|
|a slo
|
| 044 |
|
|
|a xo
|c SK
|
| 080 |
|
|
|a 885.4-1
|2 1981
|
| 100 |
1 |
|
|a Igazová, Lucia
|4 aut
|9 1391506
|
| 245 |
1 |
0 |
|a Štipka ľútosti... [inc.]
|c Lucia Igazová
|
| 650 |
0 |
7 |
|a miniatúry básnické
|2 snkbucl
|9 900261
|
| 655 |
|
7 |
|a články z novín a časopisov
|2 snkbucl
|9 267496
|
| 773 |
0 |
|
|t Dotyky
|g Roč. 8, č. 9-10 (1996)
|g S. 9
|
| 773 |
0 |
|
|t [Príl.] Katapult
|g Roč. 8, č. 9-10 (1996)
|g S. 9
|
| 850 |
|
|
|a Slovenská národná knižnica
|
| 852 |
|
|
|a Slovenská národná knižnica
|
| 958 |
|
|
|a article15
|
| 958 |
|
|
|a OND
|
| 958 |
|
|
|a LX
|
| 958 |
|
|
|a SK
|
| 958 |
|
|
|a RK
|
| 958 |
|
|
|a EUIPO
|
| 992 |
|
|
|a RBX
|
| 999 |
|
|
|c 2829013
|d 2830943
|